[Event "CAN-ch U20 2001"]
[Site "Montreal CAN"]
[Date "2001.01.03"]
[Round "2"]
[White "Raheb, David"]
[Black "Stevens, Christian"]
[Result "1/2-1/2"]
[WhiteElo "2170"]
[BlackElo "2063"]
[PlyCount "66"]
[GameId "2160767911618957"]
[EventDate "2001.01.03"]
[EventType "swiss"]
[EventRounds "9"]
[EventCountry "CAN"]

1. d4 Nf6 2. c4 e6 3. Nc3 Bb4 4. Qc2 O-O 5. e4 d6 6. Bd3 e5 7. Nge2 Nc6 8. Be3 Ng4 9. O-O Qh4 10. h3 Nxe3 11. fxe3 Bxc3 12. Qxc3 Bd7 13. Rf3 Ne7 14. dxe5 dxe5 15. Qxe5 Ng6 16. Qxc7 Bc6 17. Nf4 Rad8 18. Raf1 Nxf4 19. Qxf4 Qe7 20. Bb1 Rde8 21. Rg3 Bxe4 22. Bxe4 Qxe4 23. Qxe4 Rxe4 24. b3 Rd8 25. Rf5 g6 26. Rb5 Rd7 27. Kf2 Rd2+ 28. Kf3 Re7 29. a4 Rb2 30. Rg4 Rc2 31. g3 f5 32. Rxf5 Rc3 33. Rb5 Rexe3+ 1/2-1/2

[Event "CAN-ch U20 2001"]
[Site "Montreal CAN"]
[Date "2001.01.03"]
[Round "2"]
[White "Robichaud, Martin"]
[Black "Gabriel, Jarrett"]
[Result "1-0"]
[WhiteElo "1974"]
[BlackElo "1587"]
[PlyCount "57"]
[GameId "2160767911618958"]
[EventDate "2001.01.03"]
[EventType "swiss"]
[EventRounds "9"]
[EventCountry "CAN"]

1. e4 c5 2. c3 d6 3. d4 cxd4 4. cxd4 Nf6 5. Nc3 g6 6. f3 Bg7 7. Be3 O-O 8. Bd3 a6 9. Nge2 Nc6 10. d5 Ne5 11. O-O e6 12. dxe6 fxe6 13. Na4 d5 14. Nb6 Rb8 15. exd5 Nxd5 16. Nxd5 Nxd3 17. Qxd3 Qxd5 18. Qa3 Qb5 19. Nc3 Qc6 20. Rac1 Rd8 21. Ne4 Qb5 22. Qe7 Re8 23. Qc7 Be5 24. Nf6+ Bxf6 25. Qxb8 Bd7 26. Qd6 Bxb2 27. Rc7 Rd8 28. Qe7 Rc8 29. Rxd7 1-0

[Event "CAN-ch U20 2001"]
[Site "Montreal CAN"]
[Date "2001.01.03"]
[Round "2"]
[White "Tessier, Olivier"]
[Black "Rolfe, Warrick"]
[Result "1/2-1/2"]
[WhiteElo "2117"]
[BlackElo "2159"]
[PlyCount "192"]
[GameId "2160767911618959"]
[EventDate "2001.01.03"]
[EventType "swiss"]
[EventRounds "9"]
[EventCountry "CAN"]

1. Nf3 c5 2. g3 g6 3. Bg2 Bg7 4. c4 Nc6 5. Nc3 e6 6. d4 Nxd4 7. Nxd4 cxd4 8. Ne4 d6 9. Qa4+ Ke7 10. Bd2 a5 11. c5 d5 12. Nd6 Bd7 13. Qa3 Bc6 14. Nxb7 Bxb7 15. c6+ Qd6 16. cxb7 Rb8 17. Qxa5 Rxb7 18. a3 Qb6 19. Bb4+ Kd7 20. Qa4+ Qb5 21. Qc2 Ne7 22. Bf1 Rc8 23. Qd1 d3 24. e3 Bxb2 25. Bxd3 Qc6 26. O-O Bxa1 27. Qxa1 Rxb4 28. axb4 Qc3 29. Qxc3 Rxc3 30. Ba6 Rb3 31. b5 Nc8 32. Ra1 Nd6 33. Kg2 Nc4 34. Kf3 Kd6 35. Rc1 Rb2 36. h4 Ne5+ 37. Kg2 Rxf2+ 38. Kxf2 Nd3+ 39. Kf3 Nxc1 40. Kg4 h6 41. b6 Kc6 42. Bb5+ Kd6 43. Kf3 f6 44. g4 g5 45. hxg5 hxg5 46. b7 Kc7 47. Bd7 Kxb7 48. Bxe6 Kc6 49. Bf7 Nd3 50. Be6 Kd6 51. Bf5 Nc5 52. Ke2 Ke5 53. Kf3 Nb3 54. Kg3 Nd2 55. Bg6 Nc4 56. Kf3 Kd6 57. Bf5 Kc5 58. Be6 Nb6 59. Ke2 d4 60. Kd3 dxe3 61. Kxe3 Kd6 62. Bb3 Ke5 63. Kf3 Kd4 64. Be6 Nd5 65. Bc8 Nb6 66. Be6 Na4 67. Bb3 Nb2 68. Be6 Nd3 69. Bf5 Ne5+ 70. Kg3 Ke3 71. Bc8 Nc6 72. Bb7 Nd4 73. Bd5 Ne2+ 74. Kh2 Kf2 75. Bb7 Ke3 76. Kg2 Kf4 77. Kf2 Nd4 78. Bc8 Nf3 79. Kg2 Nh4+ 80. Kf2 Ng6 81. Kg2 Ne5 82. Kh3 Kf3 83. Bb7+ Kf2 84. Bc8 Ng6 85. Bb7 Nf4+ 86. Kh2 Ne6 87. Kh3 Nc5 88. Bc6 Nb3 89. Bd5 Nd4 90. Bb7 Ne2 91. Kh2 Ke3 92. Bc8 Kf4 93. Kg2 Nc3 94. Bd7 Nd1 95. Bc8 Ne3+ 96. Kh3 f5 1/2-1/2

[Event "CAN-ch U20 2001"]
[Site "Montreal CAN"]
[Date "2001.01.03"]
[Round "2"]
[White "Vaingorten, Yaaqov"]
[Black "Xu, Sheng Jun"]
[Result "1-0"]
[WhiteElo "2292"]
[BlackElo "2085"]
[PlyCount "115"]
[GameId "2160767911618960"]
[EventDate "2001.01.03"]
[EventType "swiss"]
[EventRounds "9"]
[EventCountry "CAN"]

1. Nf3 Nf6 2. c4 g6 3. Nc3 Bg7 4. e4 d6 5. d4 O-O 6. Be2 e5 7. O-O Nbd7 8. Qc2 c6 9. Rd1 Qe7 10. Bf1 h6 11. Rb1 a5 12. b3 exd4 13. Nxd4 Nc5 14. f3 Ne6 15. Nde2 Rd8 16. Be3 Nc7 17. Na4 Be6 18. Nb6 Ra6 19. Nf4 c5 20. Nbd5 Bxd5 21. cxd5 Raa8 22. Bf2 b5 23. a3 b4 24. a4 Nd7 25. Nd3 Na6 26. Nb2 Ne5 27. Be2 g5 28. Rf1 Nc7 29. Bc4 Re8 30. Rbe1 Qd7 31. Nd1 Nxc4 32. Qxc4 f5 33. Ne3 f4 34. Nf5 Kh7 35. g3 Be5 36. Kh1 Rf8 37. Rg1 Ne8 38. Kg2 Ng7 39. g4 Nxf5 40. exf5 Kg7 41. h4 Kf6 42. Rh1 Rh8 43. Rh3 Qc7 44. Re4 Rae8 45. Re1 Kg7 46. Rh2 Kf7 47. Rxe5 Rxe5 48. hxg5 Qe7 49. g6+ Kg7 50. Qxf4 Qg5 51. Qxg5 hxg5 52. f6+ Kxg6 53. Rxh8 Rxd5 54. Rh5 Rd3 55. f7 Kxf7 56. Rxg5 Rxb3 57. Bxc5 dxc5 58. Rxc5 1-0

[Event "CAN-ch U20 2001"]
[Site "Montreal CAN"]
[Date "2001.01.03"]
[Round "2"]
[White "Voloaca, Mihnea"]
[Black "Wilson, Jonathan"]
[Result "1-0"]
[WhiteElo "2237"]
[BlackElo "1842"]
[PlyCount "103"]
[GameId "2160767911618961"]
[EventDate "2001.01.03"]
[EventType "swiss"]
[EventRounds "9"]
[EventCountry "CAN"]

1. d4 Nf6 2. c4 g6 3. Nc3 d5 4. cxd5 Nxd5 5. Na4 Bg7 6. e4 Nf6 7. f3 O-O 8. Be3 a6 9. Qd2 b5 10. Nc3 Bb7 11. Bd3 Nbd7 12. Nge2 Rc8 13. O-O c5 14. Rad1 cxd4 15. Bxd4 e5 16. Be3 Nb6 17. b3 b4 18. Nb1 a5 19. a3 Qd6 20. axb4 axb4 21. Bb5 Qxd2 22. Rxd2 Na8 23. Bc4 Rc6 24. Rfd1 Ba6 25. Bxa6 Rxa6 26. Bc5 Re8 27. Rc2 Bf8 28. Be3 Ra1 29. Kf2 Nd7 30. Rc6 Nb8 31. Rcc1 Na6 32. Nd2 Rxc1 33. Rxc1 N8c7 34. Rc6 Re6 35. Rc2 Re8 36. g4 Ne6 37. Rc6 Nac5 38. h4 Nd3+ 39. Kg3 Bc5 40. Bxc5 Nexc5 41. Nc1 Rd8 42. Nxd3 Nxd3 43. Nc4 Kf8 44. Rc7 Ke8 45. Nb6 Nf4 46. Nc4 Nd3 47. g5 Rd7 48. Rc6 Kd8 49. Nb6 Rc7 50. Rd6+ Ke8 51. Rxd3 Rc2 52. Rd5 1-0

[Event "CAN-ch U20 2001"]
[Site "Montreal CAN"]
[Date "2001.01.04"]
[Round "3"]
[White "Bachand-Fleurent, Julien"]
[Black "Ramaswamy, Kiran"]
[Result "1-0"]
[WhiteElo "2009"]
[BlackElo "1860"]
[PlyCount "98"]
[GameId "2160767911618962"]
[EventDate "2001.01.03"]
[EventType "swiss"]
[EventRounds "9"]
[EventCountry "CAN"]

1. e4 c5 2. Nc3 Nc6 3. g3 g6 4. Bg2 Bg7 5. d3 d6 6. Be3 Rb8 7. f4 Nf6 8. h3 Nd4 9. Nce2 Nd7 10. c3 Nxe2 11. Nxe2 b5 12. Qd2 b4 13. c4 a5 14. O-O Qc7 15. Rac1 Nb6 16. Kh2 Bd7 17. g4 Bc6 18. d4 Bb7 19. b3 Rd8 20. Qe1 Kd7 21. Qf2 Rde8 22. dxc5 Nc8 23. Rfd1 h5 24. gxh5 Rxh5 25. Bf3 Rh6 26. Bg4+ Kc6 27. e5 Qd8 28. cxd6 exd6 29. Nd4+ Kc7 30. Nb5+ Kb8 31. exd6 Reh8 32. Ba7+ Ka8 33. Nc7+ Qxc7 34. dxc7 f5 35. Rd8 fxg4 36. Rxh8 Rxh8 37. h4 Bf6 38. Bd4 Bxh4 39. Qe2 Bf6+ 40. Kg3 Bf3 41. Qxf3+ gxf3 42. Bxf6 Rh7 43. Be5 Rd7 44. Kxf3 Rd2 45. Ra1 Kb7 46. Ke3 Rg2 47. Ke4 Ne7 48. a3 Nc6 49. axb4 axb4 1-0

[Event "CAN-ch U20 2001"]
[Site "Montreal CAN"]
[Date "2001.01.04"]
[Round "3"]
[White "Candow, John"]
[Black "Xia, Yanchong"]
[Result "0-1"]
[WhiteElo "1422"]
[BlackElo "1811"]
[PlyCount "56"]
[GameId "2160767911618964"]
[EventDate "2001.01.03"]
[EventType "swiss"]
[EventRounds "9"]
[EventCountry "CAN"]

1. d4 Nf6 2. c4 g6 3. Nc3 Bg7 4. e4 d6 5. Be2 O-O 6. Bg5 h6 7. Be3 Nbd7 8. Qd2 Kh7 9. h3 e5 10. d5 Ng8 11. g4 f5 12. gxf5 gxf5 13. f3 fxe4 14. fxe4 Qh4+ 15. Kd1 Qe7 16. Kc2 Ngf6 17. b4 a5 18. bxa5 Nc5 19. Bxc5 dxc5 20. Bf3 Ne8 21. Nb5 Nd6 22. Qc3 Bf6 23. Ne2 Bg5 24. Raf1 Bd7 25. Nxc7 Ba4+ 26. Kb2 Qxc7 27. h4 Be3 28. Ng3 Bd4 0-1

[Event "CAN-ch U20 2001"]
[Site "Montreal CAN"]
[Date "2001.01.04"]
[Round "3"]
[White "Charbonneau, Anne-Marie"]
[Black "Predescu, Sebastian"]
[Result "1/2-1/2"]
[WhiteElo "1837"]
[BlackElo "2042"]
[PlyCount "93"]
[GameId "2160767911618965"]
[EventDate "2001.01.03"]
[EventType "swiss"]
[EventRounds "9"]
[EventCountry "CAN"]

1. d4 Nf6 2. c4 g6 3. Nc3 Bg7 4. e4 d6 5. Be2 O-O 6. Bg5 h6 7. Be3 e5 8. d5 Nbd7 9. Qd2 Nc5 10. f3 Nh5 11. g4 Nf4 12. Bf1 f5 13. h3 fxe4 14. Nxe4 Nxe4 15. fxe4 Qh4+ 16. Bf2 Qf6 17. O-O-O Bd7 18. Rh2 Rac8 19. Kb1 b6 20. Be3 Rfd8 21. Ne2 g5 22. Ng3 Be8 23. Nf5 Bg6 24. Bd3 Kf8 25. Bc2 Bxf5 26. gxf5 Rb8 27. Rc1 c5 28. Bb3 Qe7 29. Rc3 b5 30. Qd1 Rb6 31. Bg1 Rdb8 32. Rhc2 Qb7 33. Qd2 Bf6 34. Bf2 Qg7 35. Rg3 Ke7 36. Rcc3 Kf8 37. Rc2 Bd8 38. Be1 Qf7 39. Qd1 R6b7 40. Qf3 Bb6 41. Qg4 Qh5 42. Qxh5 Nxh5 43. Rgc3 Rg7 44. Rh2 Nf4 45. Rg3 Kf7 46. a4 b4 47. Bd1 1/2-1/2

[Event "CAN-ch U20 2001"]
[Site "Montreal CAN"]
[Date "2001.01.04"]
[Round "3"]
[White "Deveau, Justin"]
[Black "Johnson, Kyle"]
[Result "0-1"]
[WhiteElo "1534"]
[BlackElo "1791"]
[PlyCount "172"]
[GameId "2160767911618966"]
[EventDate "2001.01.03"]
[EventType "swiss"]
[EventRounds "9"]
[EventCountry "CAN"]

1. e4 c5 2. c3 d5 3. exd5 Qxd5 4. d4 e6 5. Nf3 Nf6 6. Be3 Nbd7 7. Nbd2 Be7 8. Bd3 O-O 9. Qc2 b6 10. O-O Bb7 11. Bg5 h6 12. Be3 Rac8 13. Bc4 Qc6 14. a4 a6 15. Qd3 Ra8 16. Rfe1 Rfd8 17. Qf1 Nh7 18. Bd3 Nhf6 19. Bc4 Ne8 20. Bd3 Nd6 21. Bf4 Ne8 22. Be4 Qc8 23. Bxb7 Qxb7 24. Nc4 Ndf6 25. Nce5 Nd5 26. Bg3 cxd4 27. Nxd4 Rac8 28. c4 Nb4 29. Red1 Qe4 30. Nef3 Bf6 31. Re1 Qb7 32. Red1 a5 33. Qe2 Nd6 34. b3 Ne4 35. Rac1 Nxg3 36. hxg3 Rd7 37. Nb5 Rcd8 38. Rxd7 Qxd7 39. Ne1 Qd2 40. Qxd2 Rxd2 41. Rb1 Na6 42. Nf3 Rd7 43. Kf1 Nc5 44. Ne1 Rd2 45. Nf3 Rb2 46. Rxb2 Bxb2 47. Na7 Nxb3 48. Nc8 Nc5 49. Nxb6 Bf6 50. Ke2 Bd8 51. Na8 Nxa4 52. Kd2 Nb6 53. Nxb6 Bxb6 54. Ne5 Bxf2 55. g4 Kf8 56. Nd7+ Ke7 57. Ne5 a4 58. Kc2 f6 59. Nd3 Bd4 60. Nb4 Kd6 61. Nd3 e5 62. Kc1 a3 63. Kb1 e4 64. Nc1 Kc5 65. Ka2 Bb2 66. Nb3+ Kxc4 67. Nd2+ Kd3 68. Nf1 e3 69. Ng3 e2 70. Nxe2 Kxe2 71. Kb3 Kf2 72. g3 Kxg3 73. g5 fxg5 74. Ka2 Kf3 75. Kb1 g4 76. Ka2 g3 77. Kb1 g2 78. Ka2 g1=Q 79. Kb3 Qe3+ 80. Ka2 Ke4 81. Kb1 Qc3 82. Ka2 Kd4 83. Kb1 Kc4 84. Ka2 h5 85. Kb1 Qc1+ 86. Ka2 Qa1# 0-1

[Event "CAN-ch U20 2001"]
[Site "Montreal CAN"]
[Date "2001.01.04"]
[Round "3"]
[White "Egorov, Mikhail"]
[Black "Voloaca, Mihnea"]
[Result "0-1"]
[WhiteElo "1996"]
[BlackElo "2237"]
[PlyCount "66"]
[GameId "2160767911618967"]
[EventDate "2001.01.03"]
[EventType "swiss"]
[EventRounds "9"]
[EventCountry "CAN"]

1. d4 d5 2. c4 e6 3. Nf3 Nf6 4. Nc3 c6 5. e3 Nbd7 6. Bd3 dxc4 7. Bxc4 b5 8. Bd3 Bb7 9. e4 b4 10. Na4 c5 11. e5 Nd5 12. O-O cxd4 13. Nxd4 Nxe5 14. Nxe6 fxe6 15. Qh5+ Nf7 16. Bb5+ Ke7 17. Be3 Nf6 18. Bc5+ Nd6 19. Qh3 Kf7 20. Rad1 Nd5 21. Rfe1 Qf6 22. Bd4 Qh6 23. Qf3+ Nf4 24. Bc6 Bxc6 25. Qxc6 Be7 26. Be5 Nf5 27. Qf3 Ng6 28. g4 Nxe5 29. Rxe5 Qf6 30. gxf5 Qxe5 31. fxe6+ Kxe6 32. Qg4+ Kf7 33. Rd5 Qxd5 0-1

[Event "CAN-ch U20 2001"]
[Site "Montreal CAN"]
[Date "2001.01.04"]
[Round "3"]
[White "Gabriel, Jarrett"]
[Black "Godin, Robert"]
[Result "1-0"]
[WhiteElo "1587"]
[BlackElo "1361"]
[PlyCount "81"]
[GameId "2160767911618968"]
[EventDate "2001.01.03"]
[EventType "swiss"]
[EventRounds "9"]
[EventCountry "CAN"]

1. c4 e5 2. Nc3 Nf6 3. Nf3 Nc6 4. g3 Bb4 5. Bg2 O-O 6. O-O Bxc3 7. bxc3 d5 8. cxd5 Qxd5 9. Nd4 Qc4 10. Nxc6 bxc6 11. Re1 e4 12. Qb3 Qb5 13. Rb1 Qb6 14. Qc2 Qc5 15. Bxe4 Nxe4 16. Qxe4 Bf5 17. Ba3 Qxf2+ 18. Kxf2 Bxe4 19. d3 Rfe8 20. dxe4 Rxe4 21. Rb7 Ra4 22. Bc5 Ra5 23. Be3 Rc8 24. Rxa7 Rxa7 25. Bxa7 Ra8 26. Rb1 f6 27. Rb8+ Rxb8 28. Bxb8 Kf7 29. Bxc7 g5 30. a4 Ke7 31. Ke3 Kd7 32. Bb6 Kd6 33. a5 Kd7 34. a6 Kc8 35. a7 Kb7 36. Kd4 h6 37. Kc5 f5 38. Kd4 h5 39. Ke5 f4 40. gxf4 g4 41. Kf5 1-0

[Event "CAN-ch U20 2001"]
[Site "Montreal CAN"]
[Date "2001.01.04"]
[Round "3"]
[White "Gottlieb, Jonathan"]
[Black "Masse, Hugues"]
[Result "1/2-1/2"]
[WhiteElo "2118"]
[BlackElo "2085"]
[PlyCount "95"]
[GameId "2160767911618969"]
[EventDate "2001.01.03"]
[EventType "swiss"]
[EventRounds "9"]
[EventCountry "CAN"]

1. e4 c5 2. Nf3 d6 3. d4 cxd4 4. Nxd4 Nf6 5. Nc3 g6 6. Be3 Bg7 7. f3 Nc6 8. Qd2 O-O 9. O-O-O d5 10. Kb1 Nxd4 11. e5 Nxf3 12. gxf3 Nh5 13. Nxd5 Be6 14. f4 Bxd5 15. Qxd5 Qxd5 16. Rxd5 Bh6 17. Bc4 Rfc8 18. Bb3 Rc7 19. Rhd1 Bxf4 20. Bxf4 Nxf4 21. Rd7 Rac8 22. R7d4 Ne6 23. Bxe6 fxe6 24. c3 b6 25. Kc2 Rc5 26. Rd7 R8c7 27. Rxc7 Rxc7 28. Rd8+ Kg7 29. Kd3 g5 30. c4 Kg6 31. Rf8 Rd7+ 32. Kc3 Kh5 33. b4 Rc7 34. Kd4 Kg4 35. c5 bxc5+ 36. bxc5 h5 37. Kc4 Kh3 38. Rh8 h4 39. Rg8 g4 40. Kb5 g3 41. hxg3 hxg3 42. c6 g2 43. Rh8+ Kg3 44. Rg8+ Kf2 45. Rf8+ Kg3 46. Rg8+ Kf2 47. Rf8+ Kg3 48. Rg8+ 1/2-1/2

[Event "CAN-ch U20 2001"]
[Site "Montreal CAN"]
[Date "2001.01.04"]
[Round "3"]
[White "Gurevich, Artjom"]
[Black "Kapadia, Ronak"]
[Result "1-0"]
[WhiteElo "2312"]
[BlackElo "2073"]
[PlyCount "93"]
[GameId "2160767911618970"]
[EventDate "2001.01.03"]
[EventType "swiss"]
[EventRounds "9"]
[EventCountry "CAN"]

1. d4 d5 2. Nf3 c6 3. c4 Nf6 4. Nc3 e6 5. e3 Be7 6. Bd3 Nbd7 7. O-O O-O 8. Qe2 b6 9. Rd1 Bb7 10. e4 dxe4 11. Nxe4 Nxe4 12. Qxe4 g6 13. Bh6 Re8 14. Qf4 Bf8 15. Bg5 Be7 16. h4 Bxg5 17. hxg5 c5 18. d5 exd5 19. cxd5 Qb8 20. Qxb8 Raxb8 21. Bb5 Red8 22. Rd2 a6 23. Bc6 b5 24. Rad1 Nb6 25. Ne5 Rd6 26. Bxb7 Rxb7 27. Ng4 Re7 28. f3 Nc4 29. Rc2 Ne3 30. Nxe3 Rxe3 31. Rxc5 Re5 32. f4 Re7 33. Kf2 f6 34. Rc6 Red7 35. Rxd6 Rxd6 36. Ke3 fxg5 37. fxg5 Kf7 38. Kd4 Rd8 39. Re1 Rc8 40. d6 Rc2 41. b4 Rxg2 42. Re5 Rxa2 43. Kc5 Rc2+ 44. Kb6 a5 45. bxa5 b4 46. a6 b3 47. a7 1-0

[Event "CAN-ch U20 2001"]
[Site "Montreal CAN"]
[Date "2001.01.04"]
[Round "3"]
[White "Mitrovic, Bojana"]
[Black "Henson, Joshua"]
[Result "1-0"]
[WhiteElo "2118"]
[BlackElo "2136"]
[PlyCount "51"]
[GameId "2160767911618971"]
[EventDate "2001.01.03"]
[EventType "swiss"]
[EventRounds "9"]
[EventCountry "CAN"]

1. Nf3 Nf6 2. g3 e6 3. Bg2 d5 4. d4 c5 5. O-O Nc6 6. c4 cxd4 7. Nxd4 Be7 8. cxd5 exd5 9. Nc3 O-O 10. Be3 Be6 11. Qa4 Qd7 12. Rfd1 Rfd8 13. Rac1 Ne5 14. Qc2 Nc4 15. Bg5 Nb6 16. Nxe6 Qxe6 17. Be3 Rac8 18. Qb3 Rc6 19. Rd3 Qc8 20. Rcd1 Nc4 21. Nxd5 Nxd5 22. Bxd5 Ne5 23. Bxc6 Rxd3 24. Rxd3 Nxc6 25. Qd5 Qf8 26. a3 1-0

[Event "CAN-ch U20 2001"]
[Site "Montreal CAN"]
[Date "2001.01.04"]
[Round "3"]
[White "Mogilevsky, Olga"]
[Black "Raheb, David"]
[Result "0-1"]
[WhiteElo "1768"]
[BlackElo "2170"]
[PlyCount "128"]
[GameId "2160767911618972"]
[EventDate "2001.01.03"]
[EventType "swiss"]
[EventRounds "9"]
[EventCountry "CAN"]

1. e4 c5 2. Nf3 d6 3. d4 cxd4 4. Nxd4 Nf6 5. Nc3 a6 6. Be2 e5 7. Nb3 Be7 8. a4 Be6 9. Bf3 O-O 10. O-O Nbd7 11. a5 Qc7 12. g4 Rfc8 13. g5 Ne8 14. Bg2 b5 15. axb6 Nxb6 16. f4 exf4 17. Bxf4 Nc4 18. Nd5 Qa7+ 19. Qd4 Bxd5 20. exd5 Ne5 21. Qxa7 Rxa7 22. Nd4 Ng6 23. Be3 Rb7 24. b3 Nc7 25. c4 Rcb8 26. Rab1 Ne5 27. Be4 Bf8 28. Bf4 Re8 29. Rfe1 Nd7 30. Bc2 Rxe1+ 31. Rxe1 Nc5 32. Re3 Nxd5 33. cxd5 Rb4 34. Re8 Rxd4 35. Bxd6 Nd7 36. Bxf8 Nxf8 37. Rd8 g6 38. Rd6 Kg7 39. Rxa6 Rxd5 40. h4 Rd4 41. Ra4 Ne6 42. Kf1 Rd2 43. Rc4 Nd4 44. Ke1 Nf3+ 45. Kf1 Rh2 46. Rf4 Nxg5 47. Bxg6 Ne6 48. Rxf7+ Kxg6 49. Rb7 Rxh4 50. b4 Rh2 51. b5 Rb2 52. b6 Nc5 53. Rb8 Nd7 54. Rb7 Nxb6 55. Kg1 Nc4 56. Rxb2 Nxb2 57. Kh2 Kg5 58. Kg3 h5 59. Kh3 Nd3 60. Kg3 Nf4 61. Kf3 h4 62. Kf2 Kg4 63. Kg1 Kg3 64. Kh1 Nd3 0-1

[Event "CAN-ch U20 2001"]
[Site "Montreal CAN"]
[Date "2001.01.04"]
[Round "3"]
[White "Moskvitch, Andrei"]
[Black "Haynes, Nicolas"]
[Result "1/2-1/2"]
[WhiteElo "2201"]
[BlackElo "1999"]
[PlyCount "68"]
[GameId "2160767911618973"]
[EventDate "2001.01.03"]
[EventType "swiss"]
[EventRounds "9"]
[EventCountry "CAN"]

1. e4 e5 2. Nf3 Nc6 3. Bb5 a6 4. Ba4 d6 5. O-O Nge7 6. c3 Bd7 7. d4 Ng6 8. Ng5 Be7 9. h4 O-O 10. Qh5 Bxg5 11. Bxg5 f6 12. Bb3+ Kh8 13. Be3 f5 14. Bg5 Qc8 15. exf5 Bxf5 16. Qd1 Nf4 17. dxe5 dxe5 18. Nd2 Bg4 19. f3 Bf5 20. Bc2 Qe6 21. Bxf5 Qxf5 22. Ne4 h6 23. g4 Qf7 24. Bxf4 exf4 25. Qb3 Rae8 26. Qxf7 Rxf7 27. Rad1 Ne5 28. Rd4 b6 29. b4 Rfe7 30. h5 Nf7 31. Kf2 Ng5 32. Nxg5 hxg5 33. Rd2 Re3 34. Rc1 R3e6 1/2-1/2

[Event "CAN-ch U20 2001"]
[Site "Montreal CAN"]
[Date "2001.01.04"]
[Round "3"]
[White "Ramaswamy, Kishor"]
[Black "Tessier, Olivier"]
[Result "0-1"]
[WhiteElo "1900"]
[BlackElo "2117"]
[PlyCount "82"]
[GameId "2160767911627167"]
[EventDate "2001.01.03"]
[EventType "swiss"]
[EventRounds "9"]
[EventCountry "CAN"]

1. d4 Nf6 2. Nf3 c5 3. c3 cxd4 4. cxd4 g6 5. Nc3 Bg7 6. Bg5 d6 7. e3 a6 8. Be2 b5 9. O-O Bb7 10. Rc1 Nbd7 11. Qb3 Rb8 12. h3 O-O 13. Rc2 Qa5 14. Rfc1 b4 15. Bxf6 Nxf6 16. Nb1 Bd5 17. Bc4 Be4 18. Re2 d5 19. Bd3 Bxd3 20. Qxd3 Qxa2 21. b3 Qa5 22. Rc5 Rb5 23. Rec2 Ne4 24. Rc7 e6 25. Ra7 Rb6 26. Nfd2 Qa1 27. Rc1 Nd6 28. Qc2 Nb5 29. Qc5 Rbb8 30. Rd7 Nc3 31. Kh2 Qb2 32. Re1 Nxb1 33. Nxb1 Qxf2 34. Qc1 Rbc8 35. Qd1 Rc2 36. Rg1 Rb2 37. Ra7 Qxe3 38. Rxa6 Bxd4 39. Rf1 Be5+ 40. Kh1 Qg3 41. Rf4 Qxg2# 0-1

[Event "CAN-ch U20 2001"]
[Site "Montreal CAN"]
[Date "2001.01.04"]
[Round "3"]
[White "Rolfe, Warrick"]
[Black "Robichaud, Martin"]
[Result "0-1"]
[WhiteElo "2159"]
[BlackElo "1974"]
[PlyCount "60"]
[GameId "2160767911627168"]
[EventDate "2001.01.03"]
[EventType "swiss"]
[EventRounds "9"]
[EventCountry "CAN"]

1. e4 e6 2. d3 d5 3. Nd2 c5 4. g3 Bd7 5. Bg2 Bc6 6. e5 Nd7 7. Ngf3 Qc7 8. Qe2 Ne7 9. O-O Ng6 10. Re1 b5 11. h4 c4 12. d4 b4 13. h5 Ne7 14. c3 bxc3 15. bxc3 Qa5 16. Nb1 Rb8 17. Bh3 h6 18. g4 g5 19. hxg6 Nxg6 20. Nh2 Qd8 21. f4 Qh4 22. Kg2 Rb2 23. Qxb2 Qxe1 24. Nf3 Qe4 25. Kg3 h5 26. Qd2 hxg4 27. Bxg4 Bh6 28. Ng5 Bxg5 29. fxg5 Rh1 30. Qe3 Qc2 0-1

[Event "CAN-ch U20 2001"]
[Site "Montreal CAN"]
[Date "2001.01.04"]
[Round "3"]
[White "Sadoway, Steven"]
[Black "Davies, Lucas"]
[Result "0-1"]
[WhiteElo "2019"]
[BlackElo "1936"]
[PlyCount "138"]
[GameId "2160767911627169"]
[EventDate "2001.01.03"]
[EventType "swiss"]
[EventRounds "9"]
[EventCountry "CAN"]

1. e4 e5 2. Nf3 Nc6 3. Bb5 a6 4. Bxc6 dxc6 5. O-O Bd6 6. d4 exd4 7. Qxd4 f6 8. b3 Ne7 9. Ba3 Bg4 10. Qe3 O-O 11. Bxd6 Qxd6 12. Nbd2 Ng6 13. Nc4 Qf4 14. Nh4 Qxe3 15. Nxe3 Nxh4 16. Nxg4 Rfe8 17. f3 f5 18. Nf2 fxe4 19. Nxe4 Nf5 20. Kf2 Rad8 21. Rad1 Kf7 22. c3 Nd6 23. Ng5+ Kg6 24. Nh3 Nb5 25. c4 Nc3 26. Rd3 Rxd3 27. Nf4+ Kf6 28. Nxd3 Re2+ 29. Kg3 Rxa2 30. Kh3 Ne2 31. Re1 Rd2 32. Nf2 Nf4+ 33. Kg4 Rxf2 34. Kxf4 Rxg2 35. h4 Rb2 36. Re3 g6 37. Kg4 h5+ 38. Kf4 Rb1 39. Rd3 a5 40. Kg3 Kf5 41. Re3 Kf6 42. Rd3 Rb2 43. Kf4 a4 44. bxa4 Rb4 45. Rc3 Rxa4 46. Ke3 Rb4 47. Rc1 Ke5 48. Rc2 Rb3+ 49. Ke2 Kf4 50. c5 Re3+ 51. Kd1 Rb3 52. Ke2 Kg3 53. Rc4 Rb5 54. Ke3 Rb2 55. Rc3 Kxh4 56. Kf4 Rb4+ 57. Ke5 g5 58. Rc1 g4 59. Rh1+ Kg3 60. f4 Rxf4 61. Rxh5 Rc4 62. Ke6 Kf2 63. Rf5+ Kg2 64. Kf6 g3 65. Kg5 Kg1 66. Kh6 g2 67. Kg6 Kh2 68. Rh5+ Kg3 69. Rg5+ Rg4 0-1

[Event "CAN-ch U20 2001"]
[Site "Montreal CAN"]
[Date "2001.01.04"]
[Round "3"]
[White "Stevens, Christian"]
[Black "Hua, Lefong"]
[Result "0-1"]
[WhiteElo "2063"]
[BlackElo "2400"]
[PlyCount "118"]
[GameId "2160767911627170"]
[EventDate "2001.01.03"]
[EventType "swiss"]
[EventRounds "9"]
[EventCountry "CAN"]

1. e4 c5 2. Nf3 e6 3. d4 cxd4 4. Nxd4 a6 5. Bd3 Nf6 6. O-O Qc7 7. Qe2 Bc5 8. Nb3 Be7 9. c4 d6 10. Nc3 Nbd7 11. Be3 O-O 12. Rfd1 b6 13. Rac1 Bb7 14. Nd4 Rac8 15. b4 Qb8 16. a3 Ne5 17. f3 Ba8 18. h3 Rfd8 19. f4 Nxd3 20. Qxd3 Qb7 21. Nb3 Rb8 22. Nd2 d5 23. cxd5 exd5 24. exd5 Nxd5 25. Nxd5 Rxd5 26. Qe2 Re8 27. Nc4 Rxd1+ 28. Rxd1 b5 29. Ne5 Bf6 30. Ng4 Qe7 31. Qd2 h5 32. Bc5 Qe6 33. Nxf6+ Qxf6 34. Qd6 Qb2 35. Rd2 Qxa3 36. Qd7 Qc1+ 37. Rd1 Re1+ 38. Rxe1 Qxe1+ 39. Kh2 Qe4 40. Qd2 Bd5 41. Bd4 Kh7 42. Qf2 f6 43. Bc5 Kg8 44. Kg3 Kf7 45. Bd6 Qd3+ 46. Kh2 Bxg2 47. Qxg2 Qxd6 48. Qb7+ Kg6 49. Qe4+ Kh6 50. Kg2 Qd2+ 51. Kg1 Qc1+ 52. Kg2 Qc4 53. Qe8 Qxf4 54. Qh8+ Kg6 55. Qe8+ Kg5 56. Qf7 Qe4+ 57. Kg3 Kh6 58. Qf8 Kh7 59. Qc5 Qe5+ 0-1

[Event "CAN-ch U20 2001"]
[Site "Montreal CAN"]
[Date "2001.01.04"]
[Round "3"]
[White "Wang, Hao Yuan"]
[Black "Vaingorten, Yaaqov"]
[Result "0-1"]
[WhiteElo "2129"]
[BlackElo "2292"]
[PlyCount "68"]
[GameId "2160767911627171"]
[EventDate "2001.01.03"]
[EventType "swiss"]
[EventRounds "9"]
[EventCountry "CAN"]

1. e4 e6 2. d4 d5 3. Nd2 c5 4. exd5 Qxd5 5. Ngf3 cxd4 6. Bc4 Qd6 7. O-O Nf6 8. Nb3 Nc6 9. Nbxd4 Nxd4 10. Nxd4 a6 11. Re1 Qc7 12. Bd3 Bd6 13. Nf5 Bxh2+ 14. Kh1 Kf8 15. Nxg7 Kxg7 16. Qd2 h6 17. g3 Bxg3 18. fxg3 b5 19. Qe2 Qxg3 20. Be4 Nxe4 21. Qxe4 Bb7 22. Qxb7 Qxe1+ 23. Kh2 Qh4+ 24. Kg2 Qg4+ 25. Kf2 Qf5+ 26. Ke2 Rad8 27. Be3 Qxc2+ 28. Kf3 Qf5+ 29. Ke2 Qh5+ 30. Kf2 Qf5+ 31. Ke2 Qc2+ 32. Kf3 Rd1 33. Bd4+ Rxd4 34. Rg1+ Kf6 0-1

[Event "CAN-ch U20 2001"]
[Site "Montreal CAN"]
[Date "2001.01.04"]
[Round "3"]
[White "Wilson, Jonathan"]
[Black "Davies, Noam"]
[Result "1-0"]
[WhiteElo "1842"]
[BlackElo "1537"]
[PlyCount "65"]
[GameId "2160767911627172"]
[EventDate "2001.01.03"]
[EventType "swiss"]
[EventRounds "9"]
[EventCountry "CAN"]

1. e4 c5 2. Nf3 e6 3. d4 cxd4 4. Nxd4 Nc6 5. Be3 a6 6. Bd3 Nge7 7. Nc3 g6 8. Nb3 Bg7 9. f4 O-O 10. Qf3 Nb4 11. a3 Nxd3+ 12. cxd3 Qc7 13. Rc1 Nc6 14. O-O b5 15. f5 exf5 16. exf5 gxf5 17. Qxf5 d5 18. Qh5 Be6 19. Rf4 d4 20. Rh4 f6 21. Qxh7+ Kf7 22. Qh5+ Ke7 23. Qc5+ Kf7 24. Nxd4 Bd7 25. Nd5 Qe5 26. Re4 Qh5 27. Nxc6 Bxc6 28. Qxc6 Rh8 29. Qd7+ Kg8 30. Qe6+ Kh7 31. Nxf6+ Bxf6 32. Qxf6 Rae8 33. Rc7+ 1-0